| 000 | 00931nam a2200301 i 4500 | ||
|---|---|---|---|
| 003 | EG-GICUC | ||
| 005 | 20260507203128.0 | ||
| 008 | 260507s1902 fr ||||fr|||| 00| 0 fre d | ||
| 040 |
_aEG-GiCUC _bfre _cEG-GiCUC _dEG-GiCUC _eRda |
||
| 041 | _afre | ||
| 082 | 0 | 4 |
_221 _a345.21 _bSO.P |
| 092 | 0 | 4 | _221 |
| 099 | _aLaw1 07 345.21 SO.P 1902 | ||
| 100 | 1 |
_aSommières , Marquis De Vareilles _eAuteur |
|
| 245 |
_aLes Personnes Morales / _cMarquis De Vareilles Sommières . |
||
| 264 |
_aParis : _bImprimeur Editeur, _c1902 . |
||
| 300 |
_a685 page ; _c 24 cm. |
||
| 336 |
_2rda contenu _a texte |
||
| 337 |
_2rda medias _aOrdinateur |
||
| 338 |
_2 transporteur rda _a Ressource en ligne |
||
| 546 | _aTexte en français | ||
| 650 | 1 | _aDroit administratif | |
| 650 | 1 | _aPersonnalité juridique | |
| 651 | 1 | _2qrmak | |
| 856 | 4 | 0 | _uhttps://fll.law.cu.edu.eg/fulltext/bks/B07-05723.pdf |
| 905 | _a60 | ||
| 942 |
_2ddc _cBK _e21 _n0 |
||
| 999 |
_c76226 _d76226 |
||